Latin America : problems and perspectives of economic development, 1963-1964.

Bibliographic Details
Corporate Authors: Pan American Union. Department of Economic Affairs, Organization of American States
Format: Book
Language:English
Published: Baltimore : Published for the Organization of American States by Johns Hopkins Press, [1966]
Subjects:

MARC

Tag First Indicator Second Indicator Subfields
LEADER 00000cam a2200000 4500
001 in00000067740
005 20151008050815.0
008 711119s1966 mdu b 00000 eng u
010 |a  65019538  
035 |a (OCoLC)00173487 
035 |9 AAG3489AM 
040 |c WSU  |d TXA  |d UtOrBLW 
049 |a TXAM [463171] 
050 0 |a HC125  |b .P33 
092 |a 330.98  |b P187 
110 2 |a Pan American Union.  |b Department of Economic Affairs. 
245 1 0 |a Latin America :  |b problems and perspectives of economic development, 1963-1964. 
264 1 |a Baltimore :  |b Published for the Organization of American States by Johns Hopkins Press,  |c [1966] 
300 |a 242 pages 
336 |a text  |b txt  |2 rdacontent 
337 |a unmediated  |b n  |2 rdamedia 
338 |a volume  |b nc  |2 rdacarrier 
504 |a Bibliographical footnotes. 
651 0 |a Latin America  |x Economic conditions. 
651 0 |a Latin America  |x Economic policy. 
651 0 |a Latin America  |x Commerce. 
710 2 |a Organization of American States. 
999 |a MARS 
999 f f |s f8ca49e4-3333-37e9-a309-42f0042369e7  |i 03ab1610-15c7-377f-9ddf-54a2db9024e5  |t 0 
952 f f |p ric  |a Texas A&M University  |b Rellis Campus  |c Joint Library Facility  |d Remote Storage  |t 0  |e HC125 .P33  |h Library of Congress classification  |i unmediated -- volume  |m A14800710238 
998 f f |a HC125 .P33  |t 0  |l Remote Storage